000 00484nam a2200205Ia 4500
005 20250425161805.0
008 250425s9999 xx 000 0 und d
041 _aspa
082 _a516.6
100 _aORDOƑEZ ZAMORA, EDMUNDO
245 0 _aAPUNTES DE GEOMETRIA DESCRIPTIVA
250 _a1A ED.
260 _aEcuador
_bESPOL
_c1986
260 _aGUAYAQUIL
300 _a117
650 _aGEOMETRIA DESCRIPTIVA
650 _aPROYECCION
942 _c01
010 _a29187
999 _c216166
_d216166